ECONOMICS OF LABOR RELATIONS / (Record no. 617351)
[ view plain ]
| 000 -LEADER | |
|---|---|
| fixed length control field | 00365nam a22001457a 4500 |
| 020 ## - INTERNATIONAL STANDARD BOOK NUMBER | |
| Qualifying information | HB. |
| 040 ## - CATALOGING SOURCE | |
| Transcribing agency | FIZZA ISHAQ |
| 082 ## - DEWEY DECIMAL CLASSIFICATION NUMBER | |
| Classification number | 331.0973 |
| Author Mark | GOR |
| 100 ## - MAIN ENTRY--PERSONAL NAME | |
| Personal name | BLOOM,F.GORDON. |
| 9 (RLIN) | 134373 |
| 245 ## - TITLE STATEMENT | |
| Title | ECONOMICS OF LABOR RELATIONS / |
| Statement of responsibility, etc. | GORDON F.BLOOM. |
| 250 ## - EDITION STATEMENT | |
| Edition statement | 8th ED. |
| 260 ## - PUBLICATION, DISTRIBUTION, ETC. | |
| Place of publication, distribution, etc. | NEW YORK ; |
| Name of publisher, distributor, etc. | IRWIN, |
| Date of publication, distribution, etc. | 1950. |
| 300 ## - PHYSICAL DESCRIPTION | |
| Extent | 746 P. ; |
| Dimensions | 9.6X6.4IN |
| 942 ## - ADDED ENTRY ELEMENTS (KOHA) | |
| Source of classification or shelving scheme | |
| Koha item type | Book |
| Withdrawn status | Lost status | Source of classification or shelving scheme | Damaged status | Not for loan | Permanent Location | Current Location | Shelving location | Date acquired | Total Checkouts | Full call number | Barcode | Date last seen | Price effective from | Koha item type |
|---|---|---|---|---|---|---|---|---|---|---|---|---|---|---|
| NUST Baluchistan Campus (NBC) | NUST Baluchistan Campus (NBC) | Reference | 05/07/2026 | 331.0973 GOR | QD-159 | 05/07/2026 | 05/07/2026 | Book |
